Statistiques concernant Tous les buts de Karim Benzema en ligue des champions

Cliquez ici pour prendre le quiz!

Statistiques générales

  • Ce quiz a été pris 422 fois
  • Le résultat moyen est 59 sur 86

Statistiques - réponses

SaisonPaysClub% Correct
2017/2018AllemagneBayern Munich
95%
2013/2014AllemagneBayern Munich
95%
2017/2018AllemagneBayern Munich
95%
2008/2009AllemagneBayern Munich
95%
2019/2020FranceParis SG
95%
2021/2022FranceParis SG
95%
2019/2020FranceParis SG
95%
2021/2022FranceParis SG
95%
2021/2022FranceParis SG
95%
2012/2013AngleterreManchester City
94%
2012/2013AngleterreManchester City
94%
2019/2020AngleterreManchester City
94%
2021/2022AngleterreManchester City
94%
2021/2022AngleterreManchester City
94%
2021/2022AngleterreManchester City
94%
2021/2022AngleterreChelsea
93%
2020/2021AngleterreChelsea
93%
2021/2022AngleterreChelsea
93%
2021/2022AngleterreChelsea
93%
2021/2022AngleterreChelsea
93%
2016/2017AllemagneDortmund
90%
2016/2017AllemagneDortmund
90%
2012/2013AllemagneDortmund
90%
2014/2015AngleterreLiverpool
90%
2014/2015AngleterreLiverpool
90%
2014/2015AngleterreLiverpool
90%
2017/2018AngleterreLiverpool
90%
2020/2021ItalieInter
89%
2010/2011Pays-BasAjax
88%
2012/2013Pays-BasAjax
88%
2018/2019Pays-BasAjax
88%
2011/2012Pays-BasAjax
88%
2011/2012FranceLyon
84%
2010/2011FranceLyon
84%
2010/2011FranceLyon
84%
2007/2008AngleterreManchester United
83%
2019/2020TurquieGalasataray
79%
2012/2013TurquieGalatasaray
79%
2013/2014TurquieGalatasaray
79%
2013/2014TurquieGalatasaray
79%
2019/2020TurquieGalatasaray
79%
2016/2017ItalieNaples
79%
2016/2017PortugalSporting CP
71%
2015/2016SuèdeMalmö
68%
2015/2016SuèdeMalmö
68%
2015/2016SuédeMalmö
68%
2009/2010ItalieAC Milan
66%
2006/2007UkraineDinamo Kiev
65%
2007/2008EcosseGlasgow Rangers
65%
2007/2008EcosseGlasgow Rangers
65%
2011/2012CroatieDinamo Zagreb
58%
2011/2012CroatieDinamo Zagreb
58%
2014/2015AllemagneSchalke 04
58%
2013/2014AllemagneSchalke 04
58%
2013/2014AllemagneSchalke 04
58%
2020/2021ItalieAtalanta
56%
2017/2018ChypreAPOEL Nicosie
55%
2017/2018ChypreAPOEL Nicosie
55%
2011/2012ChypreAPOEL Nicosie
55%
2011/2012ChypreAPOEL Nicosie
55%
2014/2015SuisseFC Bâle
53%
2008/2009RoumanieSteaua Bucarest
53%
2008/2009RoumanieSteaua Bucarest
53%
2006/2007RoumanieSteaua Bucarest
53%
2021/2022MoldavieSheriff
50%
2021/2022MoldavieSheriff
50%
2010/2011FranceAJ Auxerre
49%
2010/2011FranceAJ Auxerre
49%
2010/2011FranceAJ Auxerre
49%
2016/2017PologneLegia Varsovie
46%
2015/2016UkraineShakhtar Donetsk
45%
2021/2022UkraineShakhtar Donetsk
45%
2021/2022UkraineShakhtar Donetsk
45%
2011/2012RussieCSKA Moscou
44%
2021/2022UkraineShakhtar Donetsk
44%
2008/2009ItalieFiorentina
43%
2008/2009ItalieFiorentina
43%
2020/2021AllemagneBorussia Mönchengladbach
39%
2020/2021AllemagneBorussia Mönchengladbach
39%
2020/2021AllemagneBorussia Mönchengladbach
39%
2005/2006NovègeRosenborg
27%
2014/2015BulgarieLudogorets
24%
2007/2008AllemagneStuttgart
18%
2018/2019République TchèqueViktoria Plzen
17%
2018/2019République TchèqueViktoria Plzen
17%
2018/2019République TchèqueViktoria Plzen
17%

Distribution des résultats

Percentile par nombre de réponses

% des personnes avec chaque résultat

Votre développement - résultats

Vous n’avez pas pris ce quiz